000 01098nam a22002777a 4500
003 BD-DhSAU
005 20181209163747.0
008 160223b2014 bg ||||| |||| 001 0 eng d
040 _aBD-DhSAU
082 _222
_a630.715
_bB3289
100 _aBaten, S.M. Abdul
_eRegistration No. # 12-05228
245 _aProblems faced by the farmers in cotton cultivation /
_bMS thesis
260 _aSher-e- Bangla Agricultural University :
_bDepartment of Agricultural Extension and Information System,
_c2014
300 _axi, 79 p. :
_bill. ;
_c30 cm.
500 _aMS thesis of Department of Agricultural Extension and Information System, Faculty of Agriculture, Sher-e-Bangla Agricultural University, Dhaka, Bangladesh
590 _aMd. Sirajul Islam
650 _aExtension
650 _aProblems
650 _aFarmers
650 _aCotton
650 _aCultivation
700 _aAli, Md. Sekender
_eSupervisor
700 _aIslam, Md. Rafiquel
_eCo-Suervisor
856 _uhttp://archive.saulibrary.edu.bd:8080/xmlui/handle/123456789/849
_yOnline Access
942 _2ddc
_cTHESIS
999 _c13249
_d13248